La experiencia del movimiento obrero 1 : (Record no. 10713)

MARC details
000 -LEADER
fixed length control field 00584nam a22001937a 4500
005 - DATE AND TIME OF LATEST TRANSACTION
control field 20250220131014.0
008 - FIXED-LENGTH DATA ELEMENTS--GENERAL INFORMATION
fixed length control field
020 ## - INTERNATIONAL STANDARD BOOK NUMBER
International Standard Book Number 84-7223-727-3
082 14 - DEWEY DECIMAL CLASSIFICATION NUMBER
Edition number 14
Classification number 331.8
100 1# - MAIN ENTRY--PERSONAL NAME
Personal name Castoriadis, Cornelius
9 (RLIN) 21195
245 13 - TITLE STATEMENT
Title La experiencia del movimiento obrero 1 :
Remainder of title como luchar /
Statement of responsibility, etc Cornelius Castoriadis
260 ## - PUBLICATION, DISTRIBUTION, ETC. (IMPRINT)
Place of publication, distribution, etc Barcelona:
Name of publisher, distributor, etc Turquets Editores,
Date of publication, distribution, etc 1979
300 ## - PHYSICAL DESCRIPTION
Extent 1 v.
440 ## - SERIES STATEMENT/ADDED ENTRY--TITLE
Title Acracia
9 (RLIN) 21196
Number of part/section of a work 27
500 ## - GENERAL NOTE
General note Biblioteca poseé sólo el volúmen 1.
650 27 - SUBJECT ADDED ENTRY--TOPICAL TERM
Topical term or geographic name as entry element HISTORIA MODERNA
9 (RLIN) 12096
Source of heading or term unescot
650 27 - SUBJECT ADDED ENTRY--TOPICAL TERM
Topical term or geographic name as entry element MOVIMIENTO OBRERO
9 (RLIN) 742
Source of heading or term unescot
942 ## - ADDED ENTRY ELEMENTS (KOHA)
Source of classification or shelving scheme Dewey Decimal Classification
Item type Libro, folleto, traducción
980 ## - EQUIVALENCE OR CROSS-REFERENCE-SERIES STATEMENT--PERSONAL NAME/TITLE [LOCAL, CANADA]
Linkage 19226
Personal name Palazón Marcela I.
Field link and sequence number 19226
Miscellaneous information Palazón Marcela I.
Holdings
Withdrawn status Lost status Source of classification or shelving scheme Damaged status Not for loan Home library Current library Date acquired Total Checkouts Full call number Barcode Date last seen Copy number Price effective from Koha item type Public note
    Dewey Decimal Classification     Biblioteca Central Biblioteca Central 20/02/2025   331.8 CASe UNAJ25020118 20/02/2025 1 20/02/2025 Libro, folleto, traducción Escrito en lápiz en las primeras páginas.

Lunes a Viernes 8:30 a 19:00 hs. Cerrado por mudanza
Av.Calchaqui 6200 Florencio Varela (CP188) 2°piso Edificio Mosconi Aula 209-210
Mail: bibliotecacentralunaj@gmail.com  
Whatsapp(54 9)1122668024    ❔Pregunte a la bibliotecaria
© Universidad Nacional Arturo Jauretche | Secretaría Académica | Biblioteca Central UNAJ